LEADER 01156nam0-22003851i-450- 001 990001481800403321 005 20001010 035 $a000148180 035 $aFED01000148180 035 $a(Aleph)000148180FED01 035 $a000148180 100 $a20001010d--------km-y0itay50------ba 101 0 $aeng 102 $aGB 105 $aa---a---001yy 200 1 $aAdvances in microbial physiology$fedited by A.H. Rose and J.F. Wilkinson 210 $aLondon$cAcademic Press$d1970-75 215 $a9 v. (xi, 353 ; ix, 302 ; x, 369 ; x, 310 ; ix, 294 ; ix, 249 ; ix, 299 ; x, 320 ; x, 366) p.$cill.$d25 cm 300 $aVolumi dal 4 al 12. 610 0 $aFisiologia 801 0$aIT$bUNINA$gRICA$2UNIMARC 901 $aBK 912 $a990001481800403321 952 $a3 IV 5$b16333$fDBV 952 $a3 IV 6$b16374$fDBV 952 $a3 IV 7$b14534$fDBV 952 $a3 IV 4$b16375$fDBV 952 $a3 IV 8$b17830$fDBV 952 $a3 IV 12$b18987$fDBV 952 $a3 IV 9$b17885$fDBV 952 $a3 IV 10$b18169$fDBV 952 $a3 IV 11$b18996$fDBV 959 $aDBV 996 $aAdvances in microbial physiology$9378309 997 $aUNINA LEADER 01092nam0-2200313---450- 001 990008386580403321 005 20060928105551.0 035 $a000838658 035 $aFED01000838658 035 $a(Aleph)000838658FED01 035 $a000838658 100 $a20060928d2000----km-y0itay50------ba 101 0 $aita 102 $aIT 105 $a--------001yy 200 1 $a<>convenzione europea dei diritti dell'uomo e la giurisprudenza della Corte di Strasburgo$elezioni tenute da Carlo Russo; raccolte, rielaborate e integrate da Paolo M. Quaini$fCarlo Russo e Paolo M. Quaini 205 $a1. ed. 210 $aMilano$cGiuffrè$d2000 215 $a261 p.$c23 cm 225 1 $aTesti per corsi ed esercitazioni di diritto internazionale$v5 700 1$aRusso,$bCarlo$0116709 701 1$aQuaini,$bPaolo M.$0414413 801 0$aIT$bUNINA$gRICA$2UNIMARC 901 $aBK 912 $a990008386580403321 952 $aDI 5/968$b19167$fDEC 959 $aDEC 996 $aConvenzione europea dei diritti dell'uomo e la giurisprudenza della Corte di Strasburgo$9724775 997 $aUNINA LEADER 02752nam 2200589 450 001 9910458477903321 005 20200520144314.0 010 $a1-4983-5949-3 010 $a1-4983-0426-5 010 $a1-4983-7985-0 035 $a(CKB)2550000001327888 035 $a(EBL)1727626 035 $a(SSID)ssj0001305917 035 $a(PQKBManifestationID)11752567 035 $a(PQKBTitleCode)TC0001305917 035 $a(PQKBWorkID)11275303 035 $a(PQKB)10621721 035 $a(MiAaPQ)EBC1727626 035 $a(Au-PeEL)EBL1727626 035 $a(CaPaEBR)ebr10890183 035 $a(CaONFJC)MIL624932 035 $a(OCoLC)883567795 035 $a(EXLCZ)992550000001327888 100 $a20140717h20142014 uy 0 101 0 $aeng 135 $aurcnu|||||||| 181 $ctxt 182 $cc 183 $acr 200 00$aIreland $edetailed assessment of observance of basel core principles for effective banking supervision 210 1$aWashington, District of Columbia :$cInternational Monetary Fund,$d2014. 210 4$d©2014 215 $a1 online resource (284 p.) 225 1 $aIMF Country Report ;$vNumber 14/135 300 $aDescription based upon print version of record. 311 $a1-4983-1307-8 311 $a1-306-93681-0 327 $aCover; CONTENTS; GLOSSARY; INTRODUCTION; INFORMATION AND METHODOLOGY USED FOR ASSESSMENT; BOX; 1. The 2012 Revised Core Principle; INSTITUTIONAL AND MARKET STRUCTURE - OVERVIEW; PRECONDITIONS FOR EFFECTIVE BANKING SUPERVISION; A. Macroeconomic Overview; B. Overview of the Banking Sector; C. Bank Resolution; D. Accounting and Auditing; E. Payment Systems Framework in Ireland; F. Trade in Irish Securities; G. Financial Safety Net (Deposit Insurance); H. Exceptional Liquidity Assistance (ELA); I. Recovery and Resolution; SUMMARY OF THE RESULTS 327 $aA. Summary Compliance with the Basel Core Principles DETAILED ASSESSMENT; A. Detailed Assessment of Compliance with the Basel Core Principles; B. Prudential regulations and requirements; RECOMMENDED ACTIONS; A. Recommended Actions to Improve Compliance with the Basel Core Principles; AUTHORITIES' RESPONSE TO THE ASSESSMENT 330 $aIn recent years, the IMF has released a growing number of reports and other documents covering economic and financial developments and trends in member countries. 410 0$aIMF country report ;$vNumber 14/135. 606 $aBanks and banking$xState supervision$zIreland 608 $aElectronic books. 615 0$aBanks and banking$xState supervision 676 $a332.109417 801 0$bMiAaPQ 801 1$bMiAaPQ 801 2$bMiAaPQ 906 $aBOOK 912 $a9910458477903321 996 $aIreland$9222393 997 $aUNINA